|
|
|
|
| LEADER |
00000nab a2200000uu 4500 |
| 001 |
vtls011449469 |
| 003 |
SK-MaSNL |
| 005 |
20260303112209.0 |
| 008 |
230121|1975 xo |||||||||||||||||slo| |
| 015 |
|
|
|a SNBRB
|
| 035 |
|
|
|a (urnnbn)urn:nbn:sk:snk:ar-00643s
|
| 035 |
|
|
|a (uuid)17bfa8d2-4fd0-47a2-98de-7478b90b0216
|
| 035 |
|
|
|a urn:nbn:sk:snk-abclvo
|
| 040 |
|
|
|a SNKBUCL
|b slo
|c SNKBUCL
|e AACR2
|
| 041 |
0 |
|
|a slo
|
| 044 |
|
|
|a xo
|c SK
|
| 100 |
1 |
|
|a Repka, František
|4 aut
|9 627194
|
| 245 |
1 |
0 |
|a Vplyv bóru, medi a molybdénu na ďatelinu lúčnu
|c František Repka
|
| 773 |
0 |
|
|t Agrochémia : časopis pre chemizáciu poľnohospodárstva
|g Roč. 15, č. 11 (1975), s. 327-329
|
| 958 |
|
|
|a OND
|
| 958 |
|
|
|a EUIPO
|
| 958 |
|
|
|a article16
|
| 999 |
|
|
|c 1882621
|d 1884551
|